Stochastické modelovanie miery nezamestnanosti v SR

Uložené v:
Podrobná bibliografia
Hlavný autor: Rublíková, Eva
Médium: Kapitola
Jazyk:Slovak
Tagy: Pridať tag
Žiadne tagy, Buďte prvý, kto otaguje tento záznam!

MARC

LEADER 00000naa$a2200000$$$4500
001 0209214
005 20240502073456.7
041 0 |a slo 
044 |a SK 
245 1 0 |a Stochastické modelovanie miery nezamestnanosti v SR  |c Eva Rublíková 
500 |a Abstrakt 
100 1 |a Rublíková, Eva